| 000 | 00852cam a22002651 4500 | ||
|---|---|---|---|
| 999 |
_c4072 _d4072 |
||
| 001 | 6495499 | ||
| 003 | GZU | ||
| 005 | 20210311122807.0 | ||
| 008 | 760618s1951 enkh b 000 0 enm | ||
| 010 | _a 51006505 | ||
| 015 | _aGB51-5923 | ||
| 035 | _a(OCoLC)2236966 | ||
| 040 |
_aDLC _cOCU _dOCoLC _dUk _dNSbSU _dDLC |
||
| 050 | 0 | 0 |
_aPR1120 DIC _b.D5 1951 |
| 082 | _a821.1082 | ||
| 100 | 1 |
_aDickins, Bruce, _d1889- _eed. |
|
| 245 | 1 | 0 |
_aEarly Middle English texts, _cedited by Bruce Dickins & R.M. Wilson. |
| 260 |
_aCambridge, _bBowes & Bowes _c[1951] |
||
| 300 |
_axvi, 335 p. _bfacsims. _c23 cm. |
||
| 500 | _aIncludes index | ||
| 650 | 0 |
_aEnglish literature _yMiddle English, 1100-1500. |
|
| 700 | 1 |
_aWilson, R. M. _q(Richard Middlewood), _d1908- _ejoint ed. |
|
| 906 |
_a7 _bcbc _coclcrpl _du _encip _f19 _gy-gencatlg |
||
| 942 |
_2lcc _cBK _h1120 _iDIC _kPR |
||